Current trends in dynamical systems in biology and natural sciences (Record no. 28962)

MARC details
000 -LEADER
fixed length control field 00473nam a22001577a 4500
003 - CONTROL NUMBER IDENTIFIER
control field OSt
005 - DATE AND TIME OF LATEST TRANSACTION
control field 20250924121734.0
008 - FIXED-LENGTH DATA ELEMENTS--GENERAL INFORMATION
fixed length control field 250924b |||||||| |||| 00| 0 eng d
020 ## - INTERNATIONAL STANDARD BOOK NUMBER
International Standard Book Number 9783030411190
082 ## - DEWEY DECIMAL CLASSIFICATION NUMBER
Classification number 531.11
Item number AG9C
100 ## - MAIN ENTRY--PERSONAL NAME
Personal name Aguiar, Maira
Relator term Editor
245 ## - TITLE STATEMENT
Title Current trends in dynamical systems in biology and natural sciences
Statement of responsibility, etc Edited By Maira Aguiar And Others
260 ## - PUBLICATION, DISTRIBUTION, ETC. (IMPRINT)
Place of publication, distribution, etc Switzerland
Name of publisher, distributor, etc Springer nature
Date of publication, distribution, etc 2020
300 ## - PHYSICAL DESCRIPTION
Extent 243p.
Other physical details HB
942 ## - ADDED ENTRY ELEMENTS (KOHA)
Source of classification or shelving scheme Dewey Decimal Classification
Koha item type Books
Holdings
Withdrawn status Lost status Source of classification or shelving scheme Damaged status Not for loan Collection code Home library Current library Date acquired Source of acquisition Total Checkouts Full call number Barcode Date last seen Price effective from Koha item type
    Dewey Decimal Classification     General Text Book Central University Of Rajasthan Central University Of Rajasthan 24/09/2025 MTH   531.11 AG9C 047375 24/09/2025 24/09/2025 Books